| 000 | 00394nam a22001577a 4500 | ||
|---|---|---|---|
| 005 | 20260523112028.0 | ||
| 008 | 260523b |||||||| |||| 00| 0 eng d | ||
| 041 | _2ENGLISH | ||
| 100 | _a WINIFRED E NEWMAN | ||
| 245 | _aDATA VISUALIZATION FOR DESIGN THINKING | ||
| 250 | _a2025 | ||
| 260 |
_aLONDON _bTAYLOR AND FRANSIS _c1/12/2025 |
||
| 300 | _aP- 278 | ||
| 365 | _b2995 | ||
| 942 | _cBK | ||
| 999 |
_c1222014 _d1222014 |
||